00446nam a2200133Ia 4500008004100000020001800041082002100059100003400080245004400114260004900158300001100207440004300218650005100261120622s9999 xx 000 0 und d a968-29-1059-5 a086.1 L471s v.65 aPacheco, José Emilio, 1939- aMorirás lejos / José Emilio Pacheco aMéxico : Joaquín Mortíz ; SEP, Cultura a159 p. aLecturas mexicanas. Segunda serie ; 65 a1. NOVELA MEXICANA \ 2. LITERATURA MEXICANAÌ